| 000 | 01390nam a2200337 i 4500 | ||
|---|---|---|---|
| 003 | EG-GICUC | ||
| 005 | 20260121101633.0 | ||
| 008 | 260101s1992 ua ||||fr|||| 000 0 ara d | ||
| 017 | _a92/5247 | ||
| 020 | _a777-04-0854-1 | ||
| 040 |
_a EG-GICUC _bara _c EG-GICUC _d EG-GICUC _erda |
||
| 041 | _aara | ||
| 082 | 0 | 4 |
_221 _a345.682 _bو ه . إ |
| 092 | 0 | 4 | _221 |
| 099 | _aLaw1 07 345.682044 و ه . إ 1992 | ||
| 100 | 0 |
_aوهيب عياد سلامة _eمؤلف. |
|
| 245 | 1 | 2 |
_aالإلغاء الجزئي للقرارات الإدارية : _bدراسة تحليلية ونقدية لأحكام القضاء الإداري في فرنسا ومصر / _cدكتور وهيب عياد سلامة. |
| 264 | 1 |
_aالقاهرة : _bدار النهضة العربية, _c1992. |
|
| 300 |
_a99 صفحة ؛ _c24 سم _bإيضاحيات، صور، مثيليات ؛ |
||
| 336 |
_2rda content _atext |
||
| 337 |
_2rda media _aComputer |
||
| 338 |
_2rda carrier _aOnline Resource |
||
| 504 | _a. 94-89 ببليوجرافيا: صفحات. | ||
| 546 | _aالنص أغلبه باللغة العربية مع بعض النصوص الفرنسية | ||
| 650 | 1 | 4 |
_aإلغاء القرا رالإداري _2qrmak |
| 650 | 1 | 4 |
_aالسلطة التقديرية _2qrmak |
| 651 | 1 | _2qrmak | |
| 856 | 4 | 0 | _uhttps://fll.law.cu.edu.eg/fulltext/bks/B07-02070.pdf |
| 905 | _a79 | ||
| 942 |
_2ddc _cBK _e21 _n0 |
||
| 999 |
_c53677 _d53677 |
||